000 00284nam a22001337a 4500
008 170512b xxu||||| |||| 00| 0 eng d
020 _a9780030938832
041 _aeng
080 _a94
100 _a16
101 _aSHJ
245 _aHUMAN LEGACY
_cRAMIREZ.S.E
942 _2udc
_cBK
999 _c13311
_d13311